Statistisches Jahrbuch 1991 für das vereinte Deutschland

Gespeichert in:
Bibliographische Detailangaben
Format: Buch
Sprache:Deutsch
Veröffentlicht: Wiesbaden Statistisches Bundesamt 1991
Ausgabe:1. Aufl.
Schlagworte:
Tags: Tag hinzufügen
Keine Tags, Fügen Sie das erste Tag hinzu!

MARC

LEADER 00000nam a2200000 4500
001 c005288
005 20221214094925.2
020 |a 3-8246-0078-1 
041 0 |a ger 
044 |a DE 
245 1 0 |a Statistisches Jahrbuch 1991 für das vereinte Deutschland 
250 |a 1. Aufl. 
264 1 |a Wiesbaden  |b Statistisches Bundesamt  |c 1991 
300 |a 730 s. 
610 2 0 |a Nemecko 
610 2 0 |a východné Nemecko 
610 2 0 |a údaje štatistické